[Event "SVK-chT2B 1920"]
[Site "Slovakia"]
[Date "2019.10.26"]
[Round "1.5"]
[White "Detko, Jan"]
[Black "Cernak, Vincent"]
[Result "0-1"]
[WhiteElo "2064"]
[BlackElo "1786"]
[PlyCount "68"]
[EventDate "2019.10.26"]
[EventType "team-tourn"]
[EventRounds "11"]
[EventCountry "SVK"]
[SourceTitle "CBM 193 Extra"]
[Source "ChessBase"]
[SourceDate "2020.01.31"]
[SourceVersion "1"]
[SourceVersionDate "2020.01.31"]
[SourceQuality "1"]
[WhiteTeam "Prievidza"]
[BlackTeam "Sala Slovan Duslo"]
[WhiteTeamCountry "SVK"]
[BlackTeamCountry "SVK"]

1. e4 g6 2. d4 d6 3. Nc3 Bg7 4. Bg5 Nc6 5. Nge2 h6 6. Bh4 g5 7. Bg3 e5 8. d5 Nce7 9. f3 Nf6 10. Qd2 Nh5 11. Bf2 Nf4 12. g3 Nfg6 13. 0-0-0 Bd7 14. Bg2 a6 15. Be3 Ng8 16. Kb1 Qe7 17. Nc1 f6 18. N3e2 f5 19. exf5 Bxf5 20. Qb4 Bc8 21. h4 gxh4 22. gxh4 a5 23. Qe4 Qf7 24. h5 N6e7 25. f4 Nf6 26. Qc4 Nf5 27. Bg1 e4 28. Bxe4 Nxe4 29. Qxe4+ Qe7 30. Qc4 0-0 31. Qd3 Qf7 32. Nc3 Qf6 33. N1e2 b6 34. Nd4 Bd7 0-1

[Event "SVK-chT2B 1819"]
[Site "Slovakia"]
[Date "2019.02.03"]
[Round "7.4"]
[White "Detko, Jan"]
[Black "Beres, Dominik"]
[Result "1/2-1/2"]
[WhiteElo "2091"]
[BlackElo "2002"]
[PlyCount "54"]
[EventDate "2018.10.13"]
[EventType "team-tourn"]
[EventRounds "11"]
[EventCountry "SVK"]
[SourceTitle "CBM 189 Extra"]
[Source "ChessBase"]
[SourceDate "2019.06.03"]
[SourceVersion "1"]
[SourceVersionDate "2019.06.03"]
[SourceQuality "1"]
[WhiteTeam "Prievidza"]
[BlackTeam "Tlmace"]
[WhiteTeamCountry "SVK"]
[BlackTeamCountry "SVK"]

1. e4 c6 2. d4 d6 3. f4 Nf6 4. e5 Ne4 5. Bd3 f5 6. exf6 Nxf6 7. Nf3 Bg4 8. 0-0 Qb6 9. c3 Nbd7 10. Qe2 0-0-0 11. b4 e5 12. Nbd2 Re8 13. Nc4 Qc7 14. fxe5 dxe5 15. dxe5 b5 16. Nd6+ Bxd6 17. exd6 Qxd6 18. Qc2 Bxf3 19. gxf3 Nd5 20. a4 Kb8 21. Bg5 N7b6 22. axb5 Ne3 23. Bxe3 Rxe3 24. Be4 cxb5 25. Ra5 Rc8 26. Rxb5 Rexc3 27. Qf2 g6 1/2-1/2

[Event "SVK-chT2B 1617"]
[Site "Slovakia"]
[Date "2017.02.11"]
[Round "8.3"]
[White "Szeko, Ludovit"]
[Black "Detko, Jan"]
[Result "1-0"]
[WhiteElo "2059"]
[BlackElo "2120"]
[PlyCount "99"]
[EventDate "2016.10.08"]
[EventType "team-tourn"]
[EventRounds "11"]
[EventCountry "SVK"]
[SourceTitle "EXT 2018"]
[Source "ChessBase"]
[SourceDate "2017.10.13"]
[SourceVersion "1"]
[SourceVersionDate "2017.10.13"]
[SourceQuality "1"]
[WhiteTeam "Nove Zamky"]
[BlackTeam "Prievidza II"]
[WhiteTeamCountry "SVK"]
[BlackTeamCountry "SVK"]

1. Nf3 Nc6 2. g3 e5 3. d3 f5 4. Bg2 d6 5. c3 Be7 6. 0-0 Nf6 7. Qb3 Nd7 8. Nbd2 Nc5 9. Qc2 Ne6 10. b4 0-0 11. a4 a5 12. b5 Nb8 13. Bb2 Nd7 14. e4 fxe4 15. Nxe4 Kh8 16. Rfe1 Rb8 17. Ned2 Ng5 18. d4 Nxf3+ 19. Nxf3 Bf6 20. Re2 b6 21. Rae1 Bb7 22. Nd2 Bxg2 23. Kxg2 Qc8 24. Qe4 Qb7 25. Qc6 Rf7 26. Nf3 Kg8 27. c4 Qxc6 28. bxc6 Nf8 29. dxe5 Be7 30. exd6 Bxd6 31. Be5 Bc5 32. Ng5 Rf5 33. f4 h6 34. Ne4 Bb4 35. Rd1 Rc8 36. Rd5 Ng6 37. Nf2 Nxe5 38. fxe5 Re8 39. Nd3 Kf7 40. h4 Kf8 41. Rf2 Rxf2+ 42. Kxf2 Re6 43. Rd8+ Kf7 44. Rd7+ Re7 45. Ke3 Ke8 46. Rxe7+ Kxe7 47. h5 Ke6 48. Ke4 Be7 49. Nf4+ Kf7 50. Kf5 1-0

[Event "SVK-chT1W 1617"]
[Site "Slovakia"]
[Date "2016.12.10"]
[Round "5.3"]
[White "Puskar, Peter"]
[Black "Detko, Jan"]
[Result "1-0"]
[WhiteElo "2224"]
[BlackElo "2104"]
[PlyCount "109"]
[EventDate "2016.10.15"]
[EventType "team-tourn"]
[EventRounds "11"]
[EventCountry "SVK"]
[SourceTitle "EXT 2018"]
[Source "ChessBase"]
[SourceDate "2017.10.13"]
[SourceVersion "1"]
[SourceVersionDate "2017.10.13"]
[SourceQuality "1"]
[WhiteTeam "Trnava Lokomotiva"]
[BlackTeam "Prievidza"]
[WhiteTeamCountry "SVK"]
[BlackTeamCountry "SVK"]

1. d4 Nf6 2. Nf3 e6 3. c4 Bb4+ 4. Bd2 Qe7 5. a3 Bxd2+ 6. Nbxd2 d6 7. Qc2 0-0 8. e4 e5 9. d5 a5 10. Bd3 Na6 11. 0-0 Bd7 12. b3 b6 13. Rfb1 Nh5 14. Bf1 Nf4 15. g3 Nh3+ 16. Bxh3 Bxh3 17. Nh4 g6 18. Qc3 Nc5 19. b4 Nd7 20. Nb3 a4 21. Nd2 f5 22. Re1 f4 23. Ra2 Qf6 24. Nf1 g5 25. Ng2 f3 26. Nge3 Qh6 27. Qd3 Qh5 28. Nf5 Nf6 29. N1e3 Bxf5 30. Nxf5 Rae8 31. Re3 Ng4 32. Rxf3 Nxh2 33. g4 Nxg4 34. Rh3 Qg6 35. f3 Nf6 36. Rh6 Qf7 37. Qe3 Kh8 38. Kf1 Rg8 39. Rah2 Rg6 40. Rxg6 Qxg6 41. Rh6 Qf7 42. Qxg5 Ng8 43. Rh2 Ne7 44. Rxh7+ Qxh7 45. Qf6+ Kg8 46. Nh6+ Qxh6 47. Qxh6 Rf8 48. Ke2 Kf7 49. Qe6+ Ke8 50. c5 bxc5 51. bxc5 dxc5 52. Qxe5 Kd8 53. d6 cxd6 54. Qxd6+ Ke8 55. Qxc5 1-0

[Event "SVK-chT1W 1617"]
[Site "Slovakia"]
[Date "2016.10.16"]
[Round "2.3"]
[White "Detko, Jan"]
[Black "Szucs, Vladimir"]
[Result "0-1"]
[WhiteElo "2104"]
[BlackElo "2185"]
[PlyCount "64"]
[EventDate "2016.10.15"]
[EventType "team-tourn"]
[EventRounds "11"]
[EventCountry "SVK"]
[SourceTitle "CBM 175 Extra"]
[Source "ChessBase"]
[SourceDate "2016.12.12"]
[SourceVersion "1"]
[SourceVersionDate "2016.12.12"]
[SourceQuality "1"]
[WhiteTeam "Prievidza"]
[BlackTeam "Podhajska Termal"]
[WhiteTeamCountry "SVK"]
[BlackTeamCountry "SVK"]

1. e4 g6 2. d4 Bg7 3. Nf3 c5 4. dxc5 Qa5+ 5. c3 Qxc5 6. Be3 Qc7 7. Nbd2 Nc6 8. Bc4 Nf6 9. Qe2 d6 10. h3 0-0 11. 0-0 a6 12. Rac1 b5 13. Bd3 Bb7 14. Bf4 Nd7 15. Bb1 a5 16. Rfd1 Ba6 17. Bd3 Nc5 18. Bxb5 Bxb5 19. Qxb5 Ne6 20. Be3 Rfb8 21. Qc4 Rxb2 22. Nd4 Ned8 23. Nb5 Qb7 24. a4 Ne5 25. Qf1 Ne6 26. Bd4 Ra2 27. Nc4 Qxe4 28. Bxe5 Bxe5 29. Re1 Qf5 30. Nxe5 dxe5 31. Ra1 Rxa1 32. Rxa1 Rd8 0-1

[Event "SVK-chT1W 1516"]
[Site "Slovakia"]
[Date "2016.03.19"]
[Round "10.7"]
[White "Puchart, Vladimir"]
[Black "Detko, Jan"]
[Result "1-0"]
[WhiteElo "2032"]
[BlackElo "2139"]
[PlyCount "99"]
[EventDate "2015.10.24"]
[EventType "team-tourn"]
[EventRounds "11"]
[EventCountry "SVK"]
[SourceTitle "EXT 2017"]
[Source "ChessBase"]
[SourceDate "2016.10.25"]
[SourceVersion "1"]
[SourceVersionDate "2016.10.25"]
[SourceQuality "1"]
[WhiteTeam "Trnava Lokomotiva"]
[BlackTeam "Prievidza"]
[WhiteTeamCountry "SVK"]
[BlackTeamCountry "SVK"]

1. d4 d6 2. c4 e5 3. dxe5 dxe5 4. Qxd8+ Kxd8 5. Nc3 c6 6. f4 Bb4 7. fxe5 Bxc3+ 8. bxc3 c5 9. g3 Nc6 10. Be3 b6 11. Bg2 Bd7 12. Nf3 Rc8 13. 0-0-0 h6 14. Rd6 Ke8 15. Rhd1 Be6 16. Ng5 Nd8 17. Nxe6 Nxe6 18. Bh3 Ne7 19. Bxe6 fxe6 20. Rxe6 Kf7 21. Red6 Nf5 22. Rf1 g6 23. g4 Rhe8 24. gxf5 Rxe5 25. fxg6+ Ke7 26. Rd3 Rg8 27. Rg1 Re6 28. Bxh6 Rexg6 29. Rxg6 Rxg6 30. Bf4 Rg4 31. e3 Ke6 32. Rd5 Rg2 33. Rd2 Rg4 34. Kc2 Kf5 35. Rd5+ Ke4 36. Rg5 Rh4 37. Kd2 Kf3 38. Rg3+ Ke4 39. Rg7 Kf3 40. Rxa7 Rg4 41. Rb7 Rg2+ 42. Kd3 Rxa2 43. Rxb6 Ra1 44. Rd6 Rd1+ 45. Kc2 Ra1 46. Rd5 Ra2+ 47. Kd3 Ra1 48. h4 Rd1+ 49. Kc2 Rh1 50. h5 1-0

[Event "SVK-chT2B 1516"]
[Site "Slovakia"]
[Date "2016.03.12"]
[Round "10.4"]
[White "Detko, Jan"]
[Black "Laho, Lukas"]
[Result "1-0"]
[WhiteElo "2165"]
[BlackElo "1909"]
[PlyCount "65"]
[EventDate "2015.10.17"]
[EventType "team-tourn"]
[EventRounds "11"]
[EventCountry "SVK"]
[SourceTitle "EXT 2019"]
[Source "ChessBase"]
[SourceDate "2018.10.10"]
[SourceVersion "1"]
[SourceVersionDate "2018.10.10"]
[SourceQuality "1"]
[WhiteTeam "Bojnice SK PRM"]
[BlackTeam "Surany Lokomotiva"]
[WhiteTeamCountry "SVK"]
[BlackTeamCountry "SVK"]

1. e4 e6 2. d4 d5 3. e5 c5 4. c3 Qb6 5. Nf3 Nc6 6. a3 Bd7 7. b4 cxd4 8. cxd4 Rc8 9. Bb2 Nge7 10. Nc3 Ng6 11. h4 a6 12. h5 Nge7 13. Na4 Qa7 14. Nc5 Nb8 15. Nxd7 Nxd7 16. Bd3 Nc6 17. Rc1 b5 18. Rh3 Nb6 19. Ng5 h6 20. Nxf7 Kxf7 21. Qg4 Ke7 22. Rf3 Nd8 23. Rxc8 Nxc8 24. Bg6 Kd7 25. Bf7 Qb6 26. Qg6 Ne7 27. Qc2 Qc6 28. Rc3 Qb6 29. Bg6 Ndc6 30. Rc5 Nc8 31. Rxc6 Qxc6 32. Be8+ Kxe8 33. Qxc6+ 1-0

[Event "SVK-chT1W 1516"]
[Site "Slovakia"]
[Date "2016.01.23"]
[Round "7.6"]
[White "Szakall, Alexander"]
[Black "Detko, Jan"]
[Result "0-1"]
[WhiteElo "1928"]
[BlackElo "2139"]
[PlyCount "56"]
[EventDate "2015.10.24"]
[EventType "team-tourn"]
[EventRounds "11"]
[EventCountry "SVK"]
[SourceTitle "EXT 2017"]
[Source "ChessBase"]
[SourceDate "2016.10.25"]
[SourceVersion "1"]
[SourceVersionDate "2016.10.25"]
[SourceQuality "1"]
[WhiteTeam "Nitra Trogar"]
[BlackTeam "Prievidza"]
[WhiteTeamCountry "SVK"]
[BlackTeamCountry "SVK"]

1. c4 e5 2. Nc3 Nc6 3. g3 f5 4. Bg2 Nf6 5. d3 Bb4 6. Qb3 Nd4 7. Qd1 Bxc3+ 8. bxc3 Nc6 9. Qb3 d6 10. Rb1 0-0 11. e3 e4 12. d4 Na5 13. Qa4 c5 14. Bf1 b6 15. Qc2 Qe8 16. a4 Ba6 17. Nh3 h6 18. Qa2 Qf7 19. d5 Nd7 20. Nf4 Ne5 21. Be2 Rfe8 22. 0-0 Re7 23. Rd1 Bxc4 24. Bxc4 Naxc4 25. Qe2 g5 26. Ng2 Nf3+ 27. Kh1 Qh5 28. h4 Qg4 0-1

[Event "SVK-chT1W 1516"]
[Site "Slovakia"]
[Date "2015.10.25"]
[Round "2.3"]
[White "Chovanec, Milan"]
[Black "Detko, Jan"]
[Result "1-0"]
[WhiteElo "2129"]
[BlackElo "2139"]
[PlyCount "73"]
[EventDate "2015.10.24"]
[EventType "team-tourn"]
[EventRounds "11"]
[EventCountry "SVK"]
[SourceTitle "CBM 170 Extra"]
[Source "ChessBase"]
[SourceDate "2016.02.25"]
[SourceVersion "1"]
[SourceVersionDate "2016.02.25"]
[SourceQuality "1"]
[WhiteTeam "Povazska Bystrica"]
[BlackTeam "Prievidza"]
[WhiteTeamCountry "SVK"]
[BlackTeamCountry "SVK"]

1. e4 d6 2. d4 Nf6 3. Nc3 c6 4. Nf3 Bg4 5. Be2 e6 6. Be3 Be7 7. 0-0 0-0 8. Nd2 Bxe2 9. Qxe2 d5 10. f3 a5 11. Rae1 b5 12. Nd1 Qb6 13. e5 Nfd7 14. f4 c5 15. c3 cxd4 16. Bxd4 Bc5 17. Nf3 Nc6 18. Qe3 Rfe8 19. Nf2 Bxd4 20. cxd4 Nb4 21. Qb3 Rac8 22. Rc1 Rc4 23. a3 a4 24. Qd1 Nc6 25. Rxc4 bxc4 26. Qxa4 Rb8 27. Rd1 Nf8 28. Rd2 Na5 29. Qc2 Nb3 30. Rd1 g6 31. Ng4 Kg7 32. Nf6 Qa7 33. Qf2 Nd7 34. Qh4 h6 35. Ng4 h5 36. Qe7 Rb7 37. Ng5 1-0

[Event "SVK-chT2B 1516"]
[Site "Slovakia"]
[Date "2015.10.17"]
[Round "1.6"]
[White "Detko, Jan"]
[Black "Nikel, Rastislav"]
[Result "0-1"]
[WhiteElo "2139"]
[BlackElo "2033"]
[PlyCount "100"]
[EventDate "2015.10.17"]
[EventType "team-tourn"]
[EventRounds "11"]
[EventCountry "SVK"]
[SourceTitle "EXT 2019"]
[Source "ChessBase"]
[SourceDate "2018.10.10"]
[SourceVersion "1"]
[SourceVersionDate "2018.10.10"]
[SourceQuality "1"]
[WhiteTeam "Bojnice SK PRM"]
[BlackTeam "Levice"]
[WhiteTeamCountry "SVK"]
[BlackTeamCountry "SVK"]

1. e4 c5 2. f4 d5 3. exd5 Qxd5 4. Nc3 Qd6 5. Nf3 Nf6 6. Bb5+ Bd7 7. Ne5 a6 8. Bc4 e6 9. d3 Nc6 10. Qe2 Nd4 11. Qf2 b5 12. Bb3 a5 13. a3 a4 14. Ba2 b4 15. Nd1 b3 16. Bb1 Nd5 17. c3 Nc6 18. Nxd7 Qxd7 19. Ne3 Be7 20. Nc4 0-0 21. 0-0 Rab8 22. d4 cxd4 23. cxd4 Qa7 24. Kh1 Qxd4 25. Qe2 Bf6 26. Rd1 Qc5 27. Ne5 Rfd8 28. Nxc6 Qxc6 29. Be4 Qc7 30. g3 g6 31. Rb1 Bg7 32. Bd2 f5 33. Bf3 Rd6 34. Qe1 Rbd8 35. Ba5 Nb6 36. Rxd6 Rxd6 37. Qb4 Bf8 38. Bxb6 Rxb6 39. Qxa4 Qc2 40. Rd1 Qxb2 41. Rd8 Qf6 42. Rd1 Qc3 43. Kg2 b2 44. Rb1 Rd6 45. Bd1 Rd2+ 46. Kh3 Qe3 47. Qa8 Qd3 48. Qe8 Qd5 49. Bf3 Qxf3 50. Qxe6+ Kg7 0-1

[Event "SVK-chT3B2 1415"]
[Site "Slovakia"]
[Date "2015.01.18"]
[Round "5.3"]
[White "Detko, Jan"]
[Black "Michalek, Matej"]
[Result "1-0"]
[WhiteElo "2165"]
[BlackElo "1937"]
[PlyCount "53"]
[EventDate "2014.10.05"]
[EventType "team-tourn"]
[EventRounds "14"]
[EventCountry "SVK"]
[SourceTitle "EXT 2019"]
[Source "ChessBase"]
[SourceDate "2018.10.10"]
[SourceVersion "1"]
[SourceVersionDate "2018.10.10"]
[SourceQuality "1"]

1. e4 d6 2. Nc3 g6 3. Bc4 Bg7 4. f4 Nf6 5. d3 0-0 6. Nf3 Nc6 7. Be3 e5 8. 0-0 Ng4 9. Bd2 exf4 10. Bxf4 Nce5 11. Bb3 Be6 12. Qd2 Nxf3+ 13. Rxf3 Ne5 14. Rff1 Bxb3 15. axb3 Qd7 16. Bh6 f5 17. Bxg7 Kxg7 18. exf5 Rxf5 19. Rxf5 Qxf5 20. Rf1 Qe6 21. Nb5 c6 22. Nc7 Qc8 23. Nxa8 Qxa8 24. Qf4 Qe8 25. Qf6+ Kg8 26. Qxd6 Ng4 27. Qg3 1-0

[Event "SVK-chT1W 1415"]
[Site "Slovakia"]
[Date "2014.11.30"]
[Round "4.3"]
[White "Detko, Jan"]
[Black "Ruckschloss, Karol"]
[Result "1-0"]
[WhiteElo "2165"]
[BlackElo "2207"]
[PlyCount "59"]
[EventDate "2014.10.18"]
[EventType "team-tourn"]
[EventRounds "11"]
[EventCountry "SVK"]
[SourceTitle "EXT 2016"]
[Source "ChessBase"]
[SourceDate "2015.10.08"]
[SourceVersion "1"]
[SourceVersionDate "2015.10.08"]
[SourceQuality "1"]
[WhiteTeam "Prievidza SK"]
[BlackTeam "Bratislava Slovan III"]
[WhiteTeamCountry "SVK"]
[BlackTeamCountry "SVK"]

1. e4 d6 2. d4 Nf6 3. Nc3 g6 4. Bg5 Bg7 5. Qd2 h6 6. Bh4 c6 7. f4 b5 8. Bd3 b4 9. Nd1 a5 10. c3 Ba6 11. Bc2 bxc3 12. Nxc3 0-0 13. Nge2 Bxe2 14. Qxe2 Na6 15. Rd1 Ra7 16. 0-0 Qb6 17. Bb1 Nc7 18. Kh1 Nb5 19. Na4 Qc7 20. f5 g5 21. Bg3 Nd7 22. h4 Nxd4 23. Qe3 c5 24. hxg5 Ne5 25. gxh6 Bf6 26. Nc3 e6 27. fxe6 fxe6 28. Bxe5 dxe5 29. Rxf6 Rxf6 30. Qg5+ 1-0

[Event "SVK-chT1W 1415"]
[Site "Slovakia"]
[Date "2014.10.18"]
[Round "1.3"]
[White "Takacs, Laszlo"]
[Black "Detko, Jan"]
[Result "1-0"]
[WhiteElo "2110"]
[BlackElo "2165"]
[PlyCount "85"]
[EventDate "2014.10.18"]
[EventType "team-tourn"]
[EventRounds "11"]
[EventCountry "SVK"]
[SourceTitle "EXT 2016"]
[Source "ChessBase"]
[SourceDate "2015.10.08"]
[SourceVersion "1"]
[SourceVersionDate "2015.10.08"]
[SourceQuality "1"]
[WhiteTeam "Gabcikovo Russel"]
[BlackTeam "Prievidza SK"]
[WhiteTeamCountry "SVK"]
[BlackTeamCountry "SVK"]

1. e4 e6 2. d4 d5 3. Nc3 Bb4 4. e5 c5 5. Qg4 Ne7 6. dxc5 Nbc6 7. Nf3 d4 8. Bb5 Qa5 9. Bxc6+ bxc6 10. Qxd4 Nf5 11. Qc4 Ba6 12. Qb3 Qb5 13. Kd1 0-0-0+ 14. Bd2 Bxc3 15. Qxb5 Bxb5 16. bxc3 Rd7 17. a4 Bc4 18. Kc1 h6 19. Be3 Nxe3 20. fxe3 Rd5 21. Kb2 Rhd8 22. Ka3 Kc7 23. e4 R5d7 24. Nd4 Rb8 25. Rab1 Rxb1 26. Rxb1 Ba6 27. g4 Re7 28. h4 f6 29. exf6 gxf6 30. Rg1 Bc8 31. g5 fxg5 32. hxg5 hxg5 33. Rxg5 Rh7 34. Rg6 Re7 35. Kb3 Bd7 36. Nf3 Bc8 37. Kc4 Bd7 38. Kd4 Rf7 39. Ng5 Re7 40. Ke5 Bc8 41. Nxe6+ Kb7 42. Rg7 Rxg7 43. Nxg7 1-0

[Event "SVK-chT1W 1314"]
[Site "Slovakia"]
[Date "2013.12.15"]
[Round "6.7"]
[White "Detko, Jan"]
[Black "Sebensky, Martin"]
[Result "1-0"]
[WhiteElo "2162"]
[BlackElo "2003"]
[PlyCount "43"]
[EventDate "2013.10.12"]
[EventType "team-tourn"]
[EventRounds "11"]
[EventCountry "SVK"]
[SourceTitle "EXT 2015"]
[Source "ChessBase"]
[SourceDate "2014.11.20"]
[SourceVersion "1"]
[SourceVersionDate "2014.11.20"]
[SourceQuality "1"]
[WhiteTeam "Prievidza"]
[BlackTeam "Komarno"]
[WhiteTeamCountry "SVK"]
[BlackTeamCountry "SVK"]

1. e4 Nf6 2. e5 Nd5 3. Nc3 Nb6 4. Nf3 d6 5. d4 Bg4 6. h3 Bh5 7. Be2 dxe5 8. Nxe5 Bxe2 9. Qxe2 N8d7 10. Bf4 e6 11. 0-0-0 c6 12. d5 Qf6 13. Bg3 Bb4 14. Nxd7 Nxd7 15. dxc6 bxc6 16. Ne4 Qh6+ 17. Kb1 e5 18. Qc4 Rb8 19. Rd3 f5 20. Rhd1 fxe4 21. Rxd7 Qf6 22. Bh4 1-0

[Event "SVK-chT2B 1314"]
[Site "Slovakia"]
[Date "2013.11.24"]
[Round "4.3"]
[White "Jancovic, Peter"]
[Black "Detko, Jan"]
[Result "1-0"]
[WhiteElo "2186"]
[BlackElo "2162"]
[PlyCount "93"]
[EventDate "2013.10.19"]
[EventType "team-tourn"]
[EventRounds "11"]
[EventCountry "SVK"]
[SourceTitle "EXT 2015"]
[Source "ChessBase"]
[SourceDate "2014.11.20"]
[SourceVersion "1"]
[SourceVersionDate "2014.11.20"]
[SourceQuality "1"]
[WhiteTeam "Nitra ASK"]
[BlackTeam "Prievidza II"]
[WhiteTeamCountry "SVK"]
[BlackTeamCountry "SVK"]

1. Nf3 Nc6 2. d4 d5 3. Bf4 Bg4 4. e3 e6 5. c4 Bb4+ 6. Nc3 Nf6 7. Qb3 Bxf3 8. gxf3 Nh5 9. cxd5 exd5 10. Be5 0-0 11. Bb5 Bxc3+ 12. bxc3 Nxe5 13. dxe5 c6 14. Be2 b5 15. f4 Qh4 16. Qd1 g6 17. Bxh5 gxh5 18. Rg1+ Kh8 19. Qd4 f6 20. exf6 Qxf6 21. Rg5 Qxd4 22. cxd4 Rg8 23. Rc1 Rxg5 24. fxg5 Rc8 25. h4 Kg7 26. f3 Re8 27. Kd2 Re6 28. Kd3 a6 29. e4 Kg6 30. Ke3 h6 31. Rg1 Re8 32. gxh6+ Kxh6 33. e5 b4 34. f4 a5 35. f5 c5 36. Rg6+ Kh7 37. Rc6 c4 38. Rc7+ Kh6 39. f6 a4 40. f7 Ra8 41. Ra7 Rc8 42. Re7 Rf8 43. Kd2 a3 44. Kc1 b3 45. Kb1 b2 46. e6 Kg7 47. Re8 1-0